Reinforced Concrete Structures (Record no. 527263)

000 -LEADER
fixed length control field 00484nam a22001577a 4500
020 ## - INTERNATIONAL STANDARD BOOK NUMBER
International Standard Book Number 9788121923538
082 ## - DEWEY DECIMAL CLASSIFICATION NUMBER
Classification number 624.1834
Author Mark SYA
100 ## - MAIN ENTRY--PERSONAL NAME
Personal name Syal, I.C.
245 ## - TITLE STATEMENT
Title Reinforced Concrete Structures
Remainder of title for the students of B.E./B.Tech. of Civil Engineering/
260 ## - PUBLICATION, DISTRIBUTION, ETC.
Place of publication, distribution, etc. New Delhi:
Name of publisher, distributor, etc. S. Chand & Co.;
Date of publication, distribution, etc. 1992.
300 ## - PHYSICAL DESCRIPTION
Extent 807p.
942 ## - ADDED ENTRY ELEMENTS (KOHA)
Source of classification or shelving scheme
Koha item type Book
504 ## - BIBLIOGRAPHY, ETC. NOTE
Bibliography, etc. note Includes bibliography
650 ## - SUBJECT ADDED ENTRY--TOPICAL TERM
Topical term or geographic name entry element Building structure
650 ## - SUBJECT ADDED ENTRY--TOPICAL TERM
-- 18409
Holdings
Withdrawn status Lost status Source of classification or shelving scheme Damaged status Not for loan Permanent Location Current Location Shelving location Date acquired Source of acquisition Cost, normal purchase price Full call number Barcode Date last seen Copy number Price effective from Koha item type
          NUST Baluchistan Campus (NBC) NUST Baluchistan Campus (NBC) Book Cart 07/23/2019 Purchased 0.00 624.1834 SYA Q-155 07/23/2019 1 07/23/2019 Book
          NUST Baluchistan Campus (NBC) NUST Baluchistan Campus (NBC) Book Cart 07/23/2019 Purchased 0.00 624.1834 SYA Q-156 07/23/2019 2 07/23/2019 Book
© 2023 Central Library, National University of Sciences and Technology. All Rights Reserved.